000
00292nam a22001337a 4500
008
180122b xxu||||| |||| 00| 0 eng d
020
_a
0735535132
041
_a
eng
080
_a
34
100
_a
14
101
_a
JUR
245
_a
Torts cases and materials
_c
Twerski,A.D
942
_2
udc
_c
BK
999
_c
40642
_d
40642